000 01549nam0a22003491 4500
001 rc\3170177
005 20260407120812.0
021 _aRU
_b[76-71701]
035 _a(NLR Aleph) 007328499
090 _a5984548
_c5984548
100 _a20120615d1976 |||y0rusy50 ca
101 0 _arus
102 _aRU
105 _aab z |||||
200 1 _aПриродные ресурсы Русской равнины в прошлом, настоящем и будущем
_f[С.В. Зонн, К.С. Ходашева, Р.И. Злотин и др.
_gОтв. ред. С.В. Зонн, А.Г. Чикишев]
_gАН СССР, Ин-т географии
210 _aМосква
_cНаука
_d1976
215 _a379 с.
_cил., карт.
_d26
225 1 _aПроблемы конструктивной географии
300 _aРед. коллегия сер.: И.П. Герасимов (пред.) и др.
320 _aСписок лит.: с. 364-377
606 _aПриродные ресурсы
_yРусская равнина
_2psbo
701 1 _aХодашева
_bК.С.
701 1 _7ca
_8rus
_aЗлотин
_bР.И.
_f1940-
_gРоман Исаевич
_9249161
_3RU\NLR\AUTH\770249217
701 1 _aЗонн
_bС.В.
_gСергей Владимирович
_4340
702 1 _aЧикишев
_bА.Г.
_4340
712 0 2 _aИнститут географии
_cМосква
_3RU\NLR\AUTH\889953196
_9402415
801 0 _aRU
_bNLR
_gpsbo
801 1 _aRU
_bELAR
_2rusmarc
852 _aNLR
_j77-7/234
942 _cBOOK
980 _aNB